Elementary statistics / (Record no. 253)

MARC details
000 -LEADER
fixed length control field 00753nam a22001697a 4500
008 - FIXED-LENGTH DATA ELEMENTS--GENERAL INFORMATION
fixed length control field 111109t xxu||||| |||| 00| 0 eng d
050 ## - LIBRARY OF CONGRESS CALL NUMBER
Classification number HA29.H662
100 ## - MAIN ENTRY--PERSONAL NAME
Personal name Hoel, Paul G.
245 ## - TITLE STATEMENT
Title Elementary statistics /
Statement of responsibility, etc. Paul G. Hoel
250 ## - EDITION STATEMENT
Edition statement 2nd ed.
260 ## - PUBLICATION, DISTRIBUTION, ETC.
Place of publication, distribution, etc. New York:
Name of publisher, distributor, etc. John Wiley & Sons,
Date of publication, distribution, etc. c1966.
300 ## - PHYSICAL DESCRIPTION
Extent ix, 351 p.:
Other physical details ill.
Dimensions 24cm.
500 ## - GENERAL NOTE
General note Includes index.
505 ## - FORMATTED CONTENTS NOTE
Formatted contents note Contents: The Nature of statistical methods -- The Description of sample data -- Probability -- Theoretical frequency distribution -- Sampling -- Estimation -- Testing hypothesis -- Correlation -- Regression -- The Chi-square distribution -- Nonparametric tests -- Analysis of variance -- Time series and index numbers.
650 ## - SUBJECT ADDED ENTRY--TOPICAL TERM
Topical term or geographic name entry element Statistics
942 ## - ADDED ENTRY ELEMENTS (KOHA)
Source of classification or shelving scheme Library of Congress Classification
Koha item type Books
Holdings
Withdrawn status Lost status Source of classification or shelving scheme Damaged status Not for loan Home library Current library Shelving location Date acquired Total Checkouts Full call number Barcode Date last seen Price effective from Koha item type
    Library of Congress Classification     WISCONSIN INTERNATIONAL UNIVERSITY COLLEGE, GHANA - MAIN LIBRARY WISCONSIN INTERNATIONAL UNIVERSITY COLLEGE, GHANA - MAIN LIBRARY General Stacks 09/11/2011   HA29.H662 596/11 09/11/2011 09/11/2011 Books

If you have any concerns or questions; kindly contact the library


© Powered by WIUC ICT DIRECTORATE